[Event "Haifa"]
[Site "Haifa"]
[Date "1996.??.??"]
[Round "1"]
[White "Alterman, Boris"]
[Black "Huzman, Alexander"]
[Result "1/2-1/2"]
[WhiteElo "2585"]
[BlackElo "2570"]
[Annotator "Alterman,B"]
[PlyCount "88"]
[EventDate "1996.06.??"]
[EventType "tourn"]
[EventRounds "7"]
[EventCountry "ISR"]
[EventCategory "14"]
[SourceTitle "CBM 054"]
[Source "ChessBase"]
[SourceDate "1996.10.01"]
[SourceVersion "1"]
[SourceVersionDate "1996.10.01"]
[SourceQuality "1"]

1. d4 {HarZvi} d5 2. c4 c6 3. Nf3 Nf6 4. Nc3 dxc4 5. a4 Bf5 6. Ne5 e6 7. f3 c5
8. e4 cxd4 9. exf5 (9. Bxc4 Bg6 10. Bb5+ Nfd7 11. Qxd4 a6 12. Bxd7+ Nxd7 13.
Qxd7+ Qxd7 14. Nxd7 Kxd7 15. Ke2 Bb4 16. Rd1+ Ke7 17. Bf4 Rhc8 18. Rac1 {
Piket,J-Gelfand,B/Wijk aan Zee/1996/}) 9... Nc6 10. Nxc6 bxc6 11. fxe6 fxe6 12.
Qe2 {Har Zvi: untill recent time 12.Bxc4 was played in this position,but after
this move it seems white gets a very pleasent position with a slight advantage
but a permanent one} dxc3 13. Qxe6+ Qe7 14. Bxc4 Qxe6+ 15. Bxe6 {Har Zvi: it
is not strange that the other game I saw with 12.Qe2 was Topalov-Gelfand from
the 19 category tournament in Dos Hermanas, as we all know Gelfand works a lot
with Huzman, and Huzman was his second in the Dos Hermanas tournament.} Bb4
$146 (15... cxb2 16. Bxb2 Bb4+ 17. Ke2 Ke7 18. Bc4 Rhd8 19. Rhd1 Rab8 20. g3 h5
21. Rd4 Ba5 22. Ba3+ Ke8 23. Rad1 Rxd4 24. Rxd4 Rb1 25. Bd3 Re1+ 26. Kf2 Kf7
27. Bc5 Ra1 28. Bc4+ Ke8 29. Bd3 Kf7 30. Bxa7 Ra2+ 31. Kg1 Ra1+ 32. Kg2 Ra2+
33. Kh3 Ra3 34. f4 Be1 35. Bc5 Rc3 36. Bc4+ Ke8 37. Bb4 Rc1 38. Bxe1 Rxe1 39.
a5 Ra1 40. a6 Ke7 41. Rd2 {Topalov,V-Gelfand,B/Dos Hermanas/1996/1:0/}) 16. O-O
$1 (16. Ke2 Ke7 17. Bc4 Rhe8 $10) 16... Ke7 17. Bc4 cxb2 (17... Nd5 18. bxc3
Bxc3 19. Rb1 $14) 18. Bxb2 Rhd8 (18... Rhb8 19. Kh1 $1 Kf8 20. Rab1 $14) 19.
Rab1 $1 (19. Rfd1 $6 Rab8 $1 $10 20. Kf1 Rxd1+ 21. Rxd1 Bd6 $10 (21... Bd6 22.
Re1+ Kd7 23. Be6+ Kc7 24. Bc3 Bb4 25. Be5+ Bd6 26. Bd4 a5 27. Bc3 Bb4 28. Be5+
Bd6 29. Bc3 Bb4 30. Be5+ Bd6 {Rogozenko,D-Lutsko,I/Nikolaev (zt)/1993/0,5/40/
CBM-35/})) 19... Rab8 (19... a5 20. Rfd1 Rab8 21. Kf1 Rxd1+ 22. Rxd1 Bd6 $6 (
22... Rd8 23. Rxd8 Kxd8 24. Ke2 Kd7 25. Bd3 Be7 $14) 23. Bc3 $16) 20. Kh1 Rb6 {
Har Zvi: 20...a5 was a necessary move} 21. g3 (21. g4 $5) 21... c5 (21... Rd2
22. Rfe1+ Kf8 (22... Kd7 23. Red1 $16) 23. a5 $18) 22. Be5 $16 Rd7 {Har Zvi:
with out the "a" pawns black's task was much easy,but as we all know that with
pawns on both side of the board the two bishops are much stronger than a
bishop and knight} (22... Nd5 23. Bxg7 (23. Rb3 $5) 23... Ne3 24. Rfe1) 23.
Rbd1 g6 24. Bb5 (24. Kg2 Rxd1 25. Rxd1 Nd7 26. Bf4 Bc3 27. h4 $16) 24... Rxd1
25. Rxd1 a6 26. Bc4 $1 (26. Bc7 axb5 $1 27. Bxb6 bxa4 $17) 26... Nd7 27. Bg7
Rd6 (27... Ba3 28. Re1+ Kd8 29. a5 $18) 28. Rxd6 Kxd6 29. Bxa6 {Har Zvi: if
white can only bring his king in time to the center than there will be
completely nothing more to see,but there is a little problem but not to big,to
black's fortune white failed to find the correct continuation.} Nb6 30. Bb5 Kd5
31. Kg2 c4 32. Kf1 $2 {Har Zvi: a serious mistake,after 32.Be8! with the idea
32...c3 33.Bf7 followed by Bb3 white's position seems winning now black is
exactly in time to take half point.} (32. Be8 $1 c3 (32... Ba5 33. Bf7+ Kc5 34.
Bg8 $18) (32... Ke6 33. Kf1 c3 34. Ke2 c2 35. Bb2 $18) 33. Bf7+ Kc6 34. Bb3 Nd7
(34... Ba5 35. Kf2 Kc5 36. Bf8+ Kd4 37. Ke2 $18) 35. Kf1 Nc5 36. Bc2 Kb6 37.
Bf6 $18) 32... c3 33. Ke2 c2 34. Bb2 Nc4 $1 35. Bc1 Kd4 $1 $10 {Har Zvi: black
threatenes Kc3-Ba3} 36. g4 Kc3 37. Bxc4 Kxc4 38. f4 Kb3 39. Kd3 Kxa4 40. Kxc2
Kb5 41. Kb3 Bd6 42. h3 Bc7 43. f5 gxf5 44. gxf5 Kc6 {Har Zvi: the position is
a dead draw} 1/2-1/2

[Event "Corus"]
[Site "Wijk aan Zee"]
[Date "2006.01.29"]
[Round "13"]
[White "Aronian, Levon"]
[Black "Sokolov, Ivan"]
[Result "1-0"]
[WhiteElo "2752"]
[BlackElo "2689"]
[Annotator "Aronian,L"]
[PlyCount "69"]
[EventDate "2006.01.14"]
[EventType "tourn"]
[EventRounds "13"]
[EventCountry "NED"]
[EventCategory "19"]
[SourceTitle "CBM 111"]
[Source "ChessBase"]
[SourceDate "2006.04.04"]
[SourceVersion "1"]
[SourceVersionDate "2006.04.04"]
[SourceQuality "1"]
[TimeControl "240+2"]

{Usually, when a tournament has not gone especially well, the last round is
approached without great enthusiasm. But before this game, my friend and
second found a real bomb, so I came to the game with unusual ardour.} 1. d4 d5
2. c4 c6 3. Nf3 Nf6 4. Nc3 dxc4 {This I was pleased to see. On the morning of
the game, I thought that Ivan would choose the line that he had already played
at Wijk aan Zee against Gelfand: 4...e6 5.e3 a6. It seems that this bears the
name of Godena. To lovers of novelties in internet blitz, I can recommend 4...
Qb6.} 5. a4 Bf5 {Cunning. In Beersheva, Bu played 5...Bg4 against me, and came
close to winning, but now that Sergey Ivanov has given me his analysis, I am
better armed.} 6. Ne5 Nbd7 7. Nxc4 Qc7 ({My opponent has contributed much to
the development of the variation} 7... Nb6 8. Ne5 {and has played it regularly.
As is well known, however, players like to widen their repertoire now and then.
}) 8. g3 {Another sensible move is 8.Bg5, which I have played before, but I
have yet to try the interesting 8.Qd2.} e5 9. dxe5 Nxe5 10. Bf4 Nfd7 11. Bg2 f6
{As anticipated (but not by me) in our preparations, my opponent follows in
the footsteps of Gelfand, who did not have any problems in this variation, in
his game with me. In an attempt to refute the line, my friend and second
Gabriel Sargissian looked at many possibilities, before finding one in which
he was fully convinced. I did not treat his discovery all that seriously, not
believing that my opponent would go into this exact variation.} 12. O-O Nc5 13.
Ne3 Bg6 {13...Rd8 has also been played, leading in several variations to very
sharp play.} 14. b4 Ne6 15. Qb3 {This is it! The standard move 15.b5 did not
seem to us to offer anything huge, and my attempt to obtain an advantage by
means of 15.a5 against Gelfand did noit bring the desired result. Now if Black
plays quietly, White will be better, because the enemy dark-squared bishop is
passive (and not on c5, as in the line with 15.b5). Consequently, Black's next
few moves are practically forced.} Bf7 {On 15...Qf7 I think both 16.Be5 and 16.
b5 are strong.} 16. Qb1 {This was always thought to be incorrect because of my
opponent's reply, but in modern-day concrete-computerised chess, many such
canons have to give way before specific moves.} Nxf4 17. gxf4 Ng6 18. b5 {
It looks as though White is falling apart. In general, in this variation the
pawn on c6 plays a huge role, restraining the white knight and bishop.
Therefore White is even prepare dto give up his bishop for the black knight,
in order to achieve maximum activity for his own knight.} Qxf4 {After long
thought, my opponent chooses the most active move.} ({If} 18... Nxf4 {I
planned to play} 19. bxc6 Nxg2 20. Qe4+ {and as far as I recall, the main
variation runs} Qe5 21. Qxg2 Rc8 22. cxb7 Rxc3 23. Qg4 {White is not risking
much in what follows, and we decided not to analyze any further, since even if
the game reached this position, my opponent was guaranteed to be in time
trouble and in my practice, this is usually one of the signs of success. Of
course, one cannot rule out the possibility that in one of the various lines,
Black will have a defence that negates all of our analysis.}) 19. Rd1 {Even
now, when looking at this move and the ideas associated with it, it is hard to
believe it all, so I do not blame myself for looking for other moves, after
Gabriel had shown me the main line.} ({However, the uninspired} 19. bxc6 {
gives Black good play after} Bd6 20. Qe4+ Be5) 19... Bd6 {I was not afraid of
the alternative 19...Bc5, since with material equality, it is much easier to
bale out if something goes wrong. Consequently, when gabriel showed me the
various tricks, I just nodded my head. Maybe other more enquiring minds will
be found? It is a pity that so much good stuff should be wasted.} 20. Rxd6 Qxd6
21. bxc6 O-O {Played quickly.} ({Probably my opponent did not fancy defending
the position after} 21... bxc6 22. Nb5 Qd7 (22... cxb5 $2 23. Qe4+) 23. Qb4 {
in time trouble. In the resulting position, despite being an exchange and pawn
down, White has good compensation, since Black will not be able to connect his
rooks any time soon. Admittedly, it seems to me that in positiosn with a white
pawn on b7, Black has few prospects, so maybe 0-0 should be considered a
mistake.}) 22. Nb5 Qc5 ({After Black's other option} 22... Qf4 {I had planned
a nice trap. After} 23. cxb7 Rae8 {White plays} 24. Qf5 {and after the
exchanging combination} Rxe3 25. Qxf4 Nxf4 26. fxe3 Nxg2 {there follows the
unexpected quiet move} 27. a5 {and it turns out bthat Black is helpless
against the white passed pawns.}) 23. cxb7 Rab8 {Other moves do not help much.
The black position is already very hard to defend.} 24. Qf5 {A strong
manoeuvre, which cuts the enemy queen off from the kingside. It was made all
the stronger by being played immediately, like all the preceding moves.} Ne5 {
A mistake in impending time trouble.} ({The best chance looks to be} 24... Qb6
{which after} 25. a5 Qa6 26. Qc5 Rxb7 27. Bxb7 Qxb7 28. a6 Qe4 29. Qd4 {
leads to an inferior, but still defensible position.}) 25. Qc2 Qb6 {The final
mistake, after which Black loses all chances.} ({It ws probably necessary to
try} 25... Qb4 {although even then, after} 26. Rb1 Qa5 27. Nd6 {the position
is not pleasant.}) 26. Qc7 {As Vovi Malakhova likes to say, ''the main thing
is to play your aces''. Here this is very appropriate. Incidentally, here I
had already forgotten our analysis, and this was the first move of the game on
which I spent any time - a full 9 minutes, three times more than on all the
previous moves put together.} Rfd8 {It can be said that not much hangs on what
Black plays now.} 27. Rc1 {Threatening to take on b8. The rest is very simple,
White either queens or wins too much material. Rather than gloating, I will
not add any more commentary.} Qa6 28. Nf5 Qb6 29. Qxb8 Rxb8 30. Rc8+ Qd8 31.
Nxa7 Be8 32. Rxd8 Rxd8 33. Bd5+ Bf7 34. Ne7+ Kf8 35. Nec6 1-0

[Event "Vojvodina-ch 5th"]
[Site "Novi Sad"]
[Date "2014.07.19"]
[Round "9"]
[White "Atalik, Suat"]
[Black "Strebkovs, Andrejs"]
[Result "1-0"]
[WhiteElo "2550"]
[BlackElo "2357"]
[Annotator "Atalik,S"]
[PlyCount "115"]
[EventDate "2014.07.12"]
[EventType "swiss"]
[EventRounds "9"]
[EventCountry "YUG"]
[SourceTitle "CBM 163"]
[Source "ChessBase"]
[SourceDate "2014.11.11"]
[SourceVersion "1"]
[SourceVersionDate "2014.11.11"]
[SourceQuality "1"]

1. d4 d5 2. c4 c6 {The second Slav in a row.} 3. Nc3 Nf6 4. Nf3 dxc4 5. a4 Bf5
6. Ne5 Nbd7 7. Nxc4 Nb6 8. Ne3 $5 {And the second time I employ this move.} Bg6
9. a5 Nbd5 $1 (9... Nbd7 10. g3 e6 11. Bg2 Rc8 12. O-O Be7 13. Nc2 $1 {First
time played in Savchenko,B-Hammer, Gjovik 2009.} b5 14. axb6 axb6 15. e4 b5 16.
f3 O-O 17. Be3 $14 {Atalik,S-Nguyen Huynh Minh, Jakarta 2014.}) 10. g3 $5 {
When Bu Xiangzhi has beaten Ma Qun by this logical move, it became obvious} ({
that there is no need for the sharp} 10. Nexd5 Nxd5 11. Qb3 e6 12. e4 Nxc3 13.
bxc3 Bxe4 14. f3 Bd5 15. c4 Bxf3 16. gxf3 Qxd4 $44 {after which not only Black
does have compensation for the piece but it is also tremendously difficult to
manage such positions.}) 10... e6 11. Bg2 Bd6 $5 {IM Strebkovs who possibly
was not very well informed about the subtleties in the position reacted in a
risky way.} (11... Bb4 12. Nexd5 Nxd5 (12... exd5 13. Qb3 Qe7 14. Bg5 $16) 13.
Bd2 Nxc3 (13... Bxa5 $2 14. Rxa5 Qxa5 15. Nxd5 Qd8 16. Nb4 $1 a5 17. Nxc6 bxc6
18. Bxc6+ Ke7 19. Bxa8 Qxa8 20. O-O $16) 14. Bxc3 Bxc3+ 15. bxc3 $14 {Bu-Ma,
Dangzhou 2014.}) 12. Qb3 (12. Nc4 Bc7 (12... Nb4 $2 13. e4) 13. Qb3 Rb8 14. O-O
O-O {was a proper way to reach the game's continuation.}) 12... Rb8 (12... Nxe3
$5 13. Bxe3 {threatening a6} Qd7 14. O-O O-O 15. Bg5 $14) 13. Nc4 Bc7 14. O-O (
14. Qa3 Qe7 15. Qxe7+ Kxe7 16. Ne5 $14) 14... O-O 15. f3 $2 {Tout est bien qui
fini bien! However some of my choices scares even my humble self.} (15. Rd1 Qe7
16. e4 Qb4 (16... Nxc3 17. bxc3 Nxe4 18. Bxe4 Bxe4 19. Ba3 Qf6 20. Nd2 $16) 17.
Qa2 Nxc3 18. bxc3 Qb5 19. f3 $16) (15. Ne5 $1 Bxe5 16. dxe5 Nd7 17. e4 Nc5 18.
Qc4 Nxc3 19. bxc3 b6 20. Ba3 $16) 15... b5 $1 {I somehow was sluggish in my
calculations, so I have simply thought that this was impossible.} 16. Ne5 (16.
axb6 Nxb6 17. Rd1 Nbd5 $1 (17... Nxc4 18. Qxc4 Bc2 19. Rd2 Bb3 20. Qxc6 a5 $44)
) 16... Ne7 17. Bf4 $2 {Consequent with my earlier decision however
objectively a bad move.} (17. Qb4 $2 Bd6 {gives minimum a draw.}) (17. Rd1 $142
$5 Bxa5 18. e4 (18. Ne4 Bb6) 18... Bb6 19. Ne2 $44) 17... b4 $2 {Draw offer.} (
17... Qxd4+ $1 18. e3 Qd8 19. Rfd1 Qc8 20. Qb4 (20. Rac1 c5) 20... Bxe5 $1 (
20... Re8 21. Qc5 $44) (20... Nfd5 21. Nxd5 Nxd5 22. Qc5 $44) 21. Bxe5 (21.
Qxe7 Bxf4 22. exf4 Rb7 (22... c5 23. Qxa7) 23. Qc5 Rd7 24. Rxd7 Qxd7 25. Rd1
Nd5 26. Bh3 a6 27. f5 Bxf5 28. Bxf5 exf5 29. Nxd5 cxd5 30. Rxd5 Qe6 $17) 21...
c5 $1) 18. Na4 (18. Nxg6 bxc3 $1 (18... hxg6 19. Bxc7 Qxc7 20. Na4 Qxa5 21. e4
$44) 19. Nxe7+ Qxe7 20. Qxc3 Bxf4 21. gxf4 Nd5 22. Qd2 Qb4 $15) 18... Qxd4+ 19.
e3 Qd5 20. Qxd5 Nexd5 $2 {The wrong capture!} (20... Nfxd5 $1 21. Nxg6 (21. Nd7
$6 e5 $1 (21... Nxf4 22. exf4 Bxa5 23. Nxb8 Rxb8) 22. Nxe5 (22. Nxf8 Rxf8 23.
Bg5 f6 24. e4 fxg5 25. exd5 cxd5 $44) 22... Nxf4 23. exf4 Rb5 $1 $17) 21...
hxg6 22. Bxc7 Nxc7 23. Rfd1 Rfd8 24. Bf1 $44) 21. Nxg6 $5 (21. Nxc6 Nxf4 (21...
Bxf4 22. exf4 Rb7) 22. exf4 Rb5 $132) 21... hxg6 22. Bxc7 Nxc7 23. Rfc1 Ncd5
24. e4 Ne7 25. Nc5 $44 {Having an acceptable compensation and better time
management I have started to lick my chops!} Rfd8 26. b3 (26. Na6 Rb7) 26...
Rd4 $6 (26... Rd2 $142 27. Na6 $5 (27. Rd1 Rbd8 28. Rxd2 Rxd2 29. Rc1 Ra2 30.
Nd3 Rxa5 31. Nxb4 Rb5 32. Nxc6 Nxc6 33. Rxc6 Rxb3 34. Rc8+ Kh7 35. Rc7 $11))
27. Bf1 Ne8 (27... Nd7 28. Na6 Rd8 29. Kf2) 28. Na6 Rb7 (28... Rbd8 29. Ra4 {
gets the pawn back as well.}) 29. Rd1 Rbd7 30. Rxd4 (30. Be2 Rxd1+ 31. Rxd1
Rxd1+ 32. Bxd1 c5 33. Nxc5 Nc6 34. a6 g5 $11 {was more or less equal.}) 30...
Rxd4 31. Ra4 Nd6 32. Rxb4 Rxb4 33. Nxb4 c5 34. Nd3 (34. Na6 Nc6 (34... Nb7 35.
Bb5) 35. Nxc5 Nxa5 36. e5 Nf5 37. f4 $14) 34... c4 $1 {A good move} (34... Nc6
35. Nxc5 Nxa5 36. e5 Nf5 37. f4 $14) 35. bxc4 ({after which immediate tactics
do not work.} 35. e5 $2 cxd3 36. exd6 Nc6 37. d7 d2 38. Be2 Kf8 $17) 35... Nxc4
36. a6 $14 Kf8 (36... Nc6 37. Nb4 (37. f4) 37... Nxb4 38. Bxc4 e5 $1 (38... Kf8
39. e5) 39. f4 Kf8 $14) (36... e5 37. Nb4 Nd6 38. Kf2 $14) 37. Kf2 Ke8 38. Nc5
Nb6 39. Bb5+ Kd8 40. e5 Nf5 41. f4 Nd4 42. Bd3 Kc7 $6 $138 {A hasty move under
the time trouble.} (42... Nd5 43. Nb7+ Ke7 44. Nd6 Nb4 45. Nc8+ (45. Bc4 Ndc6)
45... Kd7 46. Nxa7 Nxd3+ 47. Ke3 Nb4 48. Kxd4 Nxa6 $11) 43. Ne4 $1 Nc6 $2 {
Collapse!} (43... Kd7 44. Nd6 Ke7 45. Be4 $16) 44. Nd6 Nd8 45. Bb5 (45. Ne8+
Kd7 46. Nxg7 Ke7 47. Bb5 $18) 45... Nd7 $2 ({more resilient should be} 45...
Nd5 46. Be8 $18) 46. Ne8+ Kc8 47. Nxg7 Nc5 48. Ne8 $18 {Now things are rather
simple.} (48. h4 $5) 48... Ne4+ 49. Kf3 Nc3 50. Nd6+ Kc7 51. Be8 f6 52. Bxg6
fxe5 53. fxe5 Nc6 54. Nf7 Kb6 (54... Ne7 55. Bd3) 55. h4 {With my pieces
nested in his kingside the h-pawn would be escorted to queen.} Kxa6 56. h5 Ne7
57. Bd3+ Nb5 58. Nd6 $18 (58. h6 $18) 1-0

[Event "Subasic Memorial 4th"]
[Site "Zenica"]
[Date "2005.11.25"]
[Round "8"]
[White "Atalik, Suat"]
[Black "Dizdarevic, Emir"]
[Result "0-1"]
[WhiteElo "2620"]
[BlackElo "2509"]
[Annotator "Atalik,S"]
[PlyCount "97"]
[EventDate "2005.11.19"]
[EventType "tourn"]
[EventRounds "9"]
[EventCountry "BIH"]
[EventCategory "7"]
[SourceTitle "CBM 109 Extra"]
[Source "ChessBase"]
[SourceDate "2006.01.03"]
[SourceVersion "2"]
[SourceVersionDate "2006.01.03"]
[SourceQuality "1"]

1. d4 d5 2. c4 c6 3. Nf3 Nf6 4. Nc3 dxc4 5. a4 Bf5 6. Ne5 Na6 $5 {A forgotten
line.I have lost on the black side of it to Rogozenko in Romanian League 2000.}
7. e3 $1 {White has to change plans now.} (7. f3 $6 Nd7 8. Nxc4 e5 $40) 7...
Nb4 8. Bxc4 e6 9. O-O Bd6 10. Qe2 Nc2 $5 {A computer move.} (10... Bc7 11. e4
Bg6 12. Rd1 O-O $14) 11. Rb1 (11. Ra2 Nd5) 11... Nd5 12. Bxd5 exd5 13. g4 Na3
$2 {After long time of thinking or just pretension for it he decided for this
bad mistake.} (13... Bxe5 $2 14. gxf5 (14. dxe5 Qg5 15. f3 Qg6 16. e4 dxe4 17.
Qxc2 $18) 14... Bd6 (14... Bxh2+ 15. Kxh2 Qh4+ 16. Kg2 Qg5+ 17. Kh3 $18) 15.
Qxc2 Bxh2+ 16. Kh1 Qh4 17. f3 Bf4+ 18. Kg1 Qg5+ 19. Qg2 Bxe3+ 20. Bxe3 Qxe3+
21. Kh1 $18) ({Only after the game I have understood that} 13... Bg6 $142 $1 {
leads to very sharp play.} 14. f4 (14. Nxg6 $2 hxg6 15. Qxc2 Rxh2 $19) 14...
Nb4 15. f5 f6 16. fxg6 fxe5 17. e4 (17. Rf7 $2 hxg6) 17... Qb6 (17... exd4 18.
exd5+ Qe7 19. Ne4 O-O-O 20. Rf7 d3 21. Qe1 Bc5+ 22. Kh1 $18) 18. exd5 O-O-O (
18... Qxd4+ 19. Be3 Qd3 20. Qxd3 Nxd3 21. Rfd1 $18) (18... Nxd5 19. Bg5 $1 (19.
Nxd5 cxd5 20. Be3 e4 21. Qf2 O-O-O 22. gxh7 Kb8 23. Qf5 Qb3 $132) 19... h6 20.
Bh4 Qxd4+ 21. Kh1 Nxc3 22. bxc3 Qd5+ 23. Qg2 $44) 19. a5 Qxd4+ 20. Be3 Qd3 21.
Qxd3 Nxd3 22. Rfd1 Nf4 23. dxc6 bxc6 24. Ne4 Nd5 25. Bxa7 hxg6 26. Bf2 $14) 14.
bxa3 Bxb1 15. Nxb1 h5 16. f4 $1 $18 hxg4 17. Qxg4 Bxe5 18. fxe5 Qh4 19. Qxh4 (
19. Qf4 Qxf4 20. exf4 Rh3 21. f5) 19... Rxh4 20. Nd2 b6 (20... a5 21. Nf3 Rg4+
22. Kf2 Kd7 23. Bd2 $16 {leads to the same position.}) 21. Nf3 Rg4+ 22. Kf2 Kd7
23. Bd2 a5 24. Rb1 $2 (24. e6+ $1 Kxe6 25. Rc1 Rc8 26. h3 Rg6 27. Rb1 $18 {
was the mosy accurate way to convert the advantage.}) 24... Kc7 25. h3 Rg6 26.
h4 Rh8 27. Rh1 Rh5 28. Rh3 Kd7 29. Be1 $5 {I wanted to invite his next move to
win a tempo.} (29. Rg3 Rxg3 30. Kxg3 Rh8 31. Kg4 $18) 29... Rf5 $6 (29... Ke6
30. Ke2 Rg2+ 31. Bf2 Kd7 32. Rg3 Rxg3 33. Bxg3 $18 {would not have changed
much.}) 30. Rg3 Rxg3 31. Kxg3 Rh5 32. Kg4 Rh8 33. h5 c5 $6 {This catalyzed the
events.} 34. Ng5 $1 $18 Ke7 35. dxc5 $1 {I think I have chosen the best among
alternatives but it is debatable.} (35. e4 $2 f6 36. exd5 fxg5 37. dxc5 bxc5
38. Bd2 Rf8 $1 (38... Rc8 $2 39. Bxg5+ Kd7 40. Kf5 c4 41. Kg6 c3 42. Kf7 Rc7 $1
(42... c2 43. Bf4 $1 $18) 43. e6+ Kd6+ 44. e7 Kxd5 45. Kf8 $18) 39. Kxg5 (39.
Be3 $2 c4 40. Bc5+ Ke8 41. Bxf8 Kxf8 $19) 39... Rf3 $1 $132) (35. Nh3 Kd7 36.
Nf4 Kc6 37. Kf5 $18) 35... bxc5 36. Bxa5 Ra8 37. Bb6 Rxa4+ 38. Kf5 $4 {One of
the worst blunders I have made and the worst of the worst against this one.} (
38. Kf3 $1 c4 39. Bc5+ Ke8 40. Bb4 Ra6 41. Nh3 $1 Rc6 42. Bc3 Ra6 43. Nf4 Rxa3
44. Nxd5 Ra2 45. Ke4 Rh2 46. Nf4 $18 {was easy and natural.}) (38. e4 Rc4 39.
a4 d4 40. a5) 38... g6+ $1 $19 {This wins a piece and the game.} 39. hxg6 fxg6+
40. Kxg6 Ra6 41. Kf5 Rxb6 42. Nh3 c4 43. Nf4 Rb5 44. Ne2 Rb3 45. Nf4 c3 46.
Nxd5+ Kf8 47. e6 Rb5 (47... c2 48. e7+ Kf7 $19) 48. e4 c2 49. Kf6 0-1